| 000 | 00882nam a2200193Ia 4500 | ||
|---|---|---|---|
| 999 |
_c53298 _d53298 |
||
| 003 | GCL | ||
| 005 | 20240530105121.0 | ||
| 008 | 140319s9999 xx 000 0 ara d | ||
| 040 |
_aGCL / _cGCL |
||
| 082 | 0 | 4 |
_a250 _bج ز |
| 100 | 1 | _aابن الجوزى : ابوالفرج جمال الدين عبدالرحمن بن على بن محمد بن على القرشى البغدادى | |
| 245 | 1 | 0 |
_aزاد المعاد فى هدى خير العباد / _cابن الجوزى : ابوالفرج جمال الدين عبدالرحمن بن على بن محمد بن على القرشى البغدادى |
| 260 |
_a[S.N] : _bالمكتبة القيمة للطباعة والنشر والتوزيع ، _c1989 |
||
| 300 | _a243 ص | ||
| 650 | 0 | 4 | _aالسيرة النبوية |
| 650 | 0 | 4 | _aالشريعة الاسلامية |
| 650 | 0 | 4 | _aالفقه الاسلامى |
| 942 |
_2ddc _cBK |
||